00601nam a2200181Ia 4500008004100000020001500041041001200056082001600068100001900084245007200103260002500175300000800200650001500208700001500223942000700238999001500245952015900260221030s9999 xx 000 0 und d a8187210095 aEnglish a105.23bLUZ aW. J. Luzadder 0aFundamentals of engineering Drawingcby W. J. Luzadder , J. M. Duff bPHIaNew Delhic1999 a692 aMechanical aJ. M. Duff cBK c8242d8242 pBE 645g295.00l0o105.23 LUZr2024-06-13 00:00:00w2022-10-30yBK003Print4071aMIETLIBbMIETLIBcBL-Second, FL-1, CUP-1, SH-4, R-4d1999-11-2910HBE